| 000 | 00791nam a2200229 a 4500 | ||
|---|---|---|---|
| 001 | 000014504 | ||
| 005 | 20240412074241.0 | ||
| 008 | 100113s2006 dr a 001 j spa d | ||
| 020 | _a9993479810 | ||
| 040 |
_aDO-SdBNP _bspa _cBNPHU |
||
| 082 |
_aRD863.44 _bK13c |
||
| 100 | 1 |
_aKais Barinas, Blanca _9871 |
|
| 245 | 1 | 3 |
_aEl compromiso : _b(cuentos) / _cBlanca Kais Barinas ; prólogo Diógenes Valdez. |
| 260 |
_aSanto Domingo : _bBúho, _c2006. |
||
| 300 |
_a64 p. : _bil. ; _c22 cm. |
||
| 500 | _aIncluye datos biográficos de la autora en la solapa de la cubierta. | ||
| 590 | _aInventariado, 2020/BT | ||
| 650 | 0 |
_aCuentos dominicanos _9176 |
|
| 650 | 0 |
_aLiteratura dominicana. _967 |
|
| 700 | 1 |
_aValdez, Diógenes, _d1941-, _epról. _920511 |
|
| 910 | _aValidado. Control de calidad EMS | ||
| 999 |
_c14093 _d14093 |
||